Statistics for Biggest cities by the Adriatic Sea - map

Click here to take the quiz!

General Stats

  • This quiz has been taken 254 times
    (186 since last reset)
  • The average score is 10 of 21

Answers on the Map

Answers color-coded by a green-red scale on the quiz's map according to % correct below.
 

Answer Stats

CountryPopulationCity% Correct
Italy259,150Venice
99%
Italy320,862Bari
95%
Italy203,234Trieste
94%
Croatia167,121Split
89%
Albania113,249Durrës
64%
Croatia128,384Rijeka
61%
Croatia71,471Zadar
60%
Italy151,200Rimini
56%
Croatia57,460Pula
54%
Italy100,282Ancona
51%
Italy85,881Brindisi
41%
Italy119,800Pescara
39%
Albania79,513Vlorë
37%
Italy94,316Barletta
19%
Italy95,203Pesaro
17%
Italy60,728Fano
16%
Italy56,011Trani
16%
Italy55,917Manfredonia
15%
Italy59,044Molfetta
15%
Italy54,831Bisceglie
11%
Italy54,362Montesilvano
10%

Score Distribution

Percentile by Number Answered

Percent of People with Each Score

Your Score History

You have not taken this quiz since the last reset